01022nas a2200241Ia 4500001001100000003000900011008004100020040001300061040001300074041001300087100003800100210002100138222002100159245010900180250001100289260003600300501008600336300001000422310001200432362004000444500026000484650003600744R022/42993IT-RoPAU151124c99999999xx |||||||||||| ||und|| aIT-RoPAU cIT-RoPAU aITALIANO aAA.VV. gCodice Aut. SPICS: 12000 aINFORMAZIONI MCS aInformazioni Mcs aINFORMAZIONI MCS, ANNO 17-N.05 (MAGGIO-GIUGNO 1974)bInformazioni Mcs, Anno 17-N.05 (Maggio-Giugno 1974) a1a ed. aVICENZAbINFORMAZIONI MCSc1974 bPaulus - SPICS - Società San Paolo EM (non-commercial uses only)cCopyright2015 a48 p. aMENSILE aANNO 017, N.05 (MAGGIO-GIUGNO 1974) aSchede Critiche dei Film: Baba Yaga, 5 Matti al Supermercato, Lucky Luciano, Dacci Oggi i Nostri Soldi Quotidiani, Ringo...Il Volto della Vendetta, il Sergente Rompiglioni, Electra Glide, il Giorno del Delfino, la Mia Legge,Pane e Cioccolata, Tutto a Post aCINEMAvPUBBLICAZIONE PERIODICA